[Event "marquesdepombal"]
[Site "?"]
[Date "2024.10.06"]
[Round "7.1"]
[White "Goncalves, Samuel Jesus Pereira"]
[Black "Ryabukhin, Roman"]
[Result "1/2-1/2"]
[LiveChessVersion "1.4.8"]
[BlackElo "2195"]
[WhiteElo "2240"]

1. e4 c5 {[%clk 1:30:56]} 2. Nf3 {[%clk 1:21:28]} d6 {[%clk 1:31:23]} 3. d4
{[%clk 1:21:53]} cxd4 {[%clk 1:31:47]} 4. Nxd4 {[%clk 1:22:18]} Nf6
{[%clk 1:32:16]} 5. Nc3 {[%clk 1:22:40]} Nc6 {[%clk 1:32:44]} 6. Bg5
{[%clk 1:23:08]} e6 {[%clk 1:33:13]} 7. Qd2 {[%clk 1:23:37]} a6 {[%clk 1:33:31]}
8. O-O-O {[%clk 1:23:54]} Bd7 {[%clk 1:33:59]} 9. Kb1 {[%clk 1:24:18]} Nxd4
{[%clk 1:34:14]} 10. Qxd4 {[%clk 1:24:43]} Be7 {[%clk 1:34:26]} 11. Rg1
{[%clk 1:25:08]} Qa5 {[%clk 1:25:43]} 12. h4 {[%clk 1:12:02]} Bc6
{[%clk 1:14:25]} 13. Bc4 {[%clk 1:06:56]} Qc5 {[%clk 1:03:43]} 14. Rge1
{[%clk 0:55:38]} Qxd4 {[%clk 0:59:42]} 15. Rxd4 {[%clk 0:56:03]} h6
{[%clk 0:59:41]} 16. Bc1 {[%clk 0:55:59]} O-O-O {[%clk 0:50:33]} 17. g3
{[%clk 0:43:27]} d5 {[%clk 0:46:58]} 18. exd5 {[%clk 0:42:33]} Bc5
{[%clk 0:47:18]} 19. Rd2 {[%clk 0:41:53]} exd5 {[%clk 0:47:36]} 20. Bb3
{[%clk 0:40:44]} d4 {[%clk 0:40:15]} 21. Nd1 {[%clk 0:40:36]} Be4
{[%clk 0:35:51]} 22. a3 {[%clk 0:37:31]} Bg6 {[%clk 0:33:50]} 23. f3
{[%clk 0:33:16]} Rhe8 {[%clk 0:33:03]} 24. Rxe8 {[%clk 0:28:16]} Rxe8
{[%clk 0:33:21]} 25. Nf2 {[%clk 0:28:42]} Re3 {[%clk 0:17:17]} 26. Nd3
{[%clk 0:28:49]} Bd6 {[%clk 0:17:22]} 1/2-1/2

[Event "marquesdepombal"]
[Site "?"]
[Date "2024.10.06"]
[Round "7.2"]
[White "Monteiro, Paulo Alexandre Gomes"]
[Black "Veiga, Jose Francisco"]
[Result "1-0"]
[LiveChessVersion "1.4.8"]
[BlackElo "2412"]
[WhiteElo "2202"]

1. d4 {[%clk 1:15:49]} Nf6 {[%clk 1:30:56]} 2. c4 {[%clk 1:16:12]} g6
{[%clk 1:31:22]} 3. Nc3 {[%clk 1:16:36]} Bg7 {[%clk 1:31:48]} 4. e4
{[%clk 1:17:00]} d6 {[%clk 1:32:15]} 5. Nf3 {[%clk 1:17:21]} O-O {[%clk 1:32:41]}
6. Be2 {[%clk 1:17:44]} Nbd7 {[%clk 1:33:08]} 7. O-O {[%clk 1:18:03]} e5
{[%clk 1:33:36]} 8. dxe5 {[%clk 1:18:22]} dxe5 {[%clk 1:33:37]} 9. b4
{[%clk 1:18:00]} c6 {[%clk 1:28:14]} 10. Be3 {[%clk 1:15:28]} Qe7
{[%clk 1:27:26]} 11. Qb3 {[%clk 1:12:52]} Re8 {[%clk 1:27:04]} 12. c5
{[%clk 1:07:37]} Nf8 {[%clk 1:26:18]} 13. Bc4 {[%clk 1:04:23]} h6
{[%clk 1:14:56]} 14. h3 {[%clk 0:55:17]} Nh5 {[%clk 1:14:09]} 15. Rad1
{[%clk 0:51:45]} Ne6 {[%clk 1:11:58]} 16. Ne2 {[%clk 0:49:41]} Rf8
{[%clk 1:09:16]} 17. Rd6 {[%clk 0:47:59]} b5 {[%clk 0:53:33]} 18. Bd3
{[%clk 0:46:35]} Bb7 {[%clk 0:45:52]} 19. a4 {[%clk 0:42:19]} Rfd8
{[%clk 0:45:47]} 20. Rxd8+ {[%clk 0:41:07]} Rxd8 {[%clk 0:46:00]} 21. Rd1
{[%clk 0:38:21]} a6 {[%clk 0:45:48]} 22. Bb1 {[%clk 0:37:42]} Bc8
{[%clk 0:44:48]} 23. Ba2 {[%clk 0:35:50]} Kf8 {[%clk 0:39:15]} 24. Kh2
{[%clk 0:32:30]} Ke8 {[%clk 0:38:48]} 25. g3 {[%clk 0:29:50]} Rd7
{[%clk 0:34:38]} 26. Bc1 {[%clk 0:27:52]} Rxd1 {[%clk 0:27:37]} 27. Qxd1
{[%clk 0:28:15]} Ng5 {[%clk 0:27:31]} 28. Nxg5 {[%clk 0:26:32]} hxg5
{[%clk 0:27:50]} 29. Nc3 {[%clk 0:25:02]} Bf6 {[%clk 0:26:32]} 30. Be3
{[%clk 0:20:30]} Qf8 {[%clk 0:25:18]} 31. Qb3 {[%clk 0:15:19]} Qg7
{[%clk 0:23:16]} 32. axb5 {[%clk 0:15:22]} axb5 {[%clk 0:23:43]} 33. Qa3
{[%clk 0:15:27]} Bd7 {[%clk 0:16:29]} 34. Qa8+ {[%clk 0:15:28]} Bd8
{[%clk 0:16:29]} 35. Nxb5 {[%clk 0:13:44]} Nf4 {[%clk 0:16:13]} 36. Nd6+
{[%clk 0:13:18]} Ke7 37. Nxf7 {[%clk 0:12:35]} Bc7 {[%clk 0:17:07]} 38. Nxg5 Nh5
{[%clk 0:15:10]} 39. Qg8 {[%clk 0:08:11]} Qxg8 {[%clk 0:15:17]} 40. Bxg8
{[%clk 0:08:34]} Kf6 {[%clk 0:14:54]} 41. Nf3 {[%clk 0:08:18]} Kg7
{[%clk 0:15:19]} 42. Bc4 {[%clk 0:08:29]} Nf6 {[%clk 0:15:38]} 43. Nd2
{[%clk 0:08:33]} Nh7 {[%clk 0:15:56]} 44. Nb3 {[%clk 0:08:04]} g5
{[%clk 0:16:22]} 45. f3 {[%clk 0:08:12]} Kf6 {[%clk 0:16:48]} 46. Bd2
{[%clk 0:07:33]} Nf8 {[%clk 0:17:16]} 47. Bc3 {[%clk 0:07:46]} Ng6
{[%clk 0:17:22]} 48. Na1 {[%clk 0:06:51]} Ke7 49. Nc2 {[%clk 0:07:08]} Kf6
{[%clk 0:17:01]} 50. Na3 {[%clk 0:06:41]} Ne7 {[%clk 0:17:21]} 51. f4
{[%clk 0:06:45]} gxf4 {[%clk 0:17:47]} 52. gxf4 {[%clk 0:07:10]} Ng6
{[%clk 0:18:14]} 53. f5 {[%clk 0:07:20]} Nf4 {[%clk 0:18:42]} 54. h4
{[%clk 0:06:19]} Be8 {[%clk 0:19:11]} 55. b5 {[%clk 0:06:01]} cxb5
{[%clk 0:19:40]} 56. Nxb5 {[%clk 0:05:37]} Bb8 {[%clk 0:20:08]} 57. Ba5
{[%clk 0:04:50]} Bc6 {[%clk 0:20:30]} 58. Bd8+ {[%clk 0:04:56]} Kg7
{[%clk 0:21:00]} 59. f6+ {[%clk 0:05:08]} Kh7 {[%clk 0:21:12]} 60. f7
{[%clk 0:04:48]} Kg7 {[%clk 0:21:36]} 61. Bf6+ {[%clk 0:04:45]} Kf8
{[%clk 0:22:03]} 62. Bg5 {[%clk 0:04:59]} Nh5 {[%clk 0:21:55]} 63. Bh6+
{[%clk 0:05:11]} Ng7 {[%clk 0:22:24]} 64. Nd6 {[%clk 0:05:11]} Bd7
{[%clk 0:22:30]} 65. Nf5 {[%clk 0:05:15]} Bxf5 {[%clk 0:22:55]} 66. exf5
{[%clk 0:05:39]} e4+ {[%clk 0:23:22]} 67. Kg2 {[%clk 0:05:56]} Be5
{[%clk 0:23:37]} 68. c6 {[%clk 0:05:59]} Bf4 {[%clk 0:23:29]} 69. Bxf4
{[%clk 0:06:13]} Nxf5 {[%clk 0:23:55]} 70. c7 {[%clk 0:06:21]} 1-0

[Event "marquesdepombal"]
[Site "?"]
[Date "2024.10.06"]
[Round "7.3"]
[White "Ribeiro, Gustavo Martins Santos"]
[Black "Faryma, Matviy"]
[Result "1/2-1/2"]
[LiveChessVersion "1.4.8"]
[BlackElo "2115"]
[WhiteElo "2235"]

1. e4 {[%clk 1:30:47]} e6 {[%clk 1:30:45]} 2. d4 {[%clk 1:30:50]} d5
{[%clk 1:31:07]} 3. exd5 {[%clk 1:30:56]} exd5 {[%clk 1:30:42]} 4. Nf3
{[%clk 1:31:21]} Nf6 {[%clk 1:28:55]} 5. Bd3 {[%clk 1:31:31]} Bg4
{[%clk 1:28:30]} 6. h3 {[%clk 1:31:43]} Bh5 {[%clk 1:28:56]} 7. Bf4
{[%clk 1:31:51]} Be7 {[%clk 1:28:36]} 8. Nbd2 {[%clk 1:32:01]} O-O
{[%clk 1:28:41]} 9. O-O {[%clk 1:32:14]} Nbd7 {[%clk 1:28:04]} 10. Re1
{[%clk 1:30:42]} Re8 {[%clk 1:28:05]} 11. c3 {[%clk 1:28:16]} c6 {[%clk 1:18:02]}
12. Qb3 {[%clk 1:27:29]} Qb6 {[%clk 1:18:11]} 13. Ne5 {[%clk 1:26:37]} Nxe5
{[%clk 1:17:06]} 14. Rxe5 {[%clk 1:26:02]} Bd6 {[%clk 1:17:00]} 15. Rxe8+
{[%clk 1:26:02]} Nxe8 {[%clk 1:17:23]} 16. Bxd6 {[%clk 1:25:36]} Nxd6
{[%clk 1:17:43]} 17. Re1 {[%clk 1:25:44]} Qxb3 {[%clk 1:16:58]} 18. Nxb3 Re8
{[%clk 1:14:53]} 19. Rxe8+ {[%clk 1:25:04]} Nxe8 {[%clk 1:15:22]} 20. g4
{[%clk 1:25:11]} Bg6 {[%clk 1:15:47]} 21. Bxg6 {[%clk 1:25:38]} hxg6
{[%clk 1:16:11]} 22. Kf1 {[%clk 1:25:24]} b6 {[%clk 1:16:11]} 23. Ke2
{[%clk 1:25:44]} Nd6 {[%clk 1:16:31]} 24. Nd2 {[%clk 1:25:59]} Kf8
{[%clk 1:16:08]} 25. Nf3 {[%clk 1:26:15]} f6 {[%clk 1:16:27]} 26. Ne1
{[%clk 1:26:25]} g5 {[%clk 1:16:13]} 27. Nd3 {[%clk 1:26:16]} Ke7
{[%clk 1:16:12]} 28. f3 {[%clk 1:26:18]} Kd7 {[%clk 1:15:34]} 29. b3
{[%clk 1:26:25]} a5 {[%clk 1:15:11]} 30. a4 {[%clk 1:25:46]} Ke7 {[%clk 1:12:55]}
31. Nb2 {[%clk 1:23:23]} Nb7 {[%clk 1:09:37]} 32. Kd2 {[%clk 1:22:21]} Kd6
{[%clk 1:04:10]} 33. Nd1 {[%clk 1:21:51]} Nd8 {[%clk 1:04:15]} 34. Ne3
{[%clk 1:20:46]} Ne6 {[%clk 1:03:58]} 35. h4 {[%clk 1:21:05]} gxh4
{[%clk 1:04:05]} 36. Nf5+ {[%clk 1:21:33]} Kd7 {[%clk 1:04:22]} 37. Nxh4
{[%clk 1:21:56]} Nf4 {[%clk 1:03:35]} 38. Nf5 {[%clk 1:22:06]} g6
{[%clk 1:03:40]} 39. Ne3 {[%clk 1:22:22]} Kd6 {[%clk 1:03:03]} 40. b4
{[%clk 1:21:23]} Ne6 {[%clk 1:02:53]} 41. Nc2 {[%clk 1:21:32]} Nc7
{[%clk 1:00:48]} 42. bxa5 {[%clk 1:21:52]} bxa5 {[%clk 1:01:13]} 43. Na1
{[%clk 1:22:15]} Na8 {[%clk 1:01:23]} 44. Nb3 {[%clk 1:22:20]} Nb6
{[%clk 1:01:49]} 45. Nc5 {[%clk 1:22:36]} Nc4+ {[%clk 1:00:50]} 46. Ke2
{[%clk 1:22:59]} Nb2 {[%clk 1:00:44]} 47. f4 {[%clk 1:23:04]} Ke7
{[%clk 1:00:02]} 48. g5 {[%clk 1:22:08]} Nc4 {[%clk 0:59:25]} 49. Kd3
{[%clk 1:22:28]} Nb2+ {[%clk 0:59:36]} 50. Kc2 {[%clk 1:22:33]} Nc4
{[%clk 1:00:01]} 51. Kd3 {[%clk 1:22:33]} Nb2+ {[%clk 1:00:24]} 52. Kd2
{[%clk 1:22:39]} Nc4+ {[%clk 1:00:37]} 53. Ke2 {[%clk 1:23:05]} Nb2
{[%clk 1:00:43]} 54. Ke3 {[%clk 1:21:23]} Nc4+ {[%clk 1:00:38]} 55. Kf3
{[%clk 1:21:47]} Nd2+ {[%clk 1:00:24]} 56. Ke2 {[%clk 1:22:06]} Nc4
{[%clk 1:00:45]} 57. gxf6+ {[%clk 1:22:26]} Kxf6 {[%clk 1:01:05]} 58. Nd7+
{[%clk 1:22:55]} Kf5 {[%clk 1:01:14]} 59. Ne5 {[%clk 1:22:56]} Nb6
{[%clk 1:00:55]} 60. Nxc6 {[%clk 1:18:21]} Nxa4 {[%clk 1:00:31]} 1/2-1/2

[Event "marquesdepombal"]
[Site "?"]
[Date "2024.10.06"]
[Round "7.4"]
[White "Goncalves, Diogo Figueiredo"]
[Black "Faryma, Maksym"]
[Result "1/2-1/2"]
[LiveChessVersion "1.4.8"]
[BlackElo "1954"]
[WhiteElo "1968"]

1. e4 {[%clk 1:21:13]} c6 {[%clk 1:30:52]} 2. Nf3 {[%clk 1:21:07]} d5
{[%clk 1:31:18]} 3. d3 {[%clk 1:21:33]} Nd7 {[%clk 1:31:11]} 4. e5
{[%clk 1:18:44]} e6 {[%clk 1:31:04]} 5. d4 {[%clk 1:15:50]} c5 {[%clk 1:31:19]}
6. c3 {[%clk 1:09:18]} Ne7 {[%clk 1:31:15]} 7. Bd3 {[%clk 1:06:55]} Nc6
{[%clk 1:30:31]} 8. O-O {[%clk 1:06:49]} Be7 {[%clk 1:32:17]} 9. Re1
{[%clk 0:59:14]} Qb6 {[%clk 1:31:43]} 10. a3 {[%clk 0:52:55]} a5 {[%clk 1:31:13]}
11. dxc5 {[%clk 0:48:31]} Bxc5 {[%clk 1:30:34]} 12. Qe2 {[%clk 0:46:53]} h6
{[%clk 1:27:35]} 13. a4 {[%clk 0:43:04]} O-O {[%clk 1:26:52]} 14. Na3
{[%clk 0:42:11]} f6 {[%clk 1:25:24]} 15. exf6 {[%clk 0:41:52]} Nxf6
{[%clk 1:25:09]} 16. h3 {[%clk 0:35:55]} e5 {[%clk 1:24:47]} 17. Bb5
{[%clk 0:30:16]} e4 {[%clk 1:23:13]} 18. Nh2 {[%clk 0:29:09]} Qc7
{[%clk 1:21:20]} 19. Bxc6 {[%clk 0:28:37]} bxc6 {[%clk 1:21:41]} 20. Be3
{[%clk 0:28:56]} Bd6 {[%clk 1:21:48]} 21. Nf1 {[%clk 0:29:12]} Ba6
{[%clk 1:18:50]} 22. Qd2 {[%clk 0:29:13]} Nd7 {[%clk 1:16:53]} 23. b4
{[%clk 0:27:06]} axb4 {[%clk 1:17:08]} 24. cxb4 {[%clk 0:27:34]} Bxf1
{[%clk 1:17:25]} 25. Rxf1 {[%clk 0:27:30]} Rxa4 {[%clk 1:17:42]} 26. Nc2
{[%clk 0:26:44]} 1/2-1/2

[Event "marquesdepombal"]
[Site "?"]
[Date "2024.10.06"]
[Round "7.5"]
[White "Simoes, Miguel Patricio Caldeira"]
[Black "Zhang, Xin An"]
[Result "1-0"]
[LiveChessVersion "1.4.8"]
[BlackElo "1903"]
[WhiteElo "2177"]

1. e4 {[%clk 1:30:56]} c5 {[%clk 1:30:56]} 2. Nf3 {[%clk 1:30:56]} e6
{[%clk 1:31:22]} 3. d4 {[%clk 1:31:23]} cxd4 {[%clk 1:31:47]} 4. Nxd4
{[%clk 1:31:51]} a6 {[%clk 1:32:17]} 5. Nc3 {[%clk 1:32:15]} b5 {[%clk 1:32:40]}
6. Bd3 {[%clk 1:28:14]} Bb7 {[%clk 1:32:56]} 7. O-O {[%clk 1:25:49]} Nc6
{[%clk 1:33:11]} 8. Nxc6 {[%clk 1:23:59]} Bxc6 {[%clk 1:33:34]} 9. f4
{[%clk 1:22:09]} Bc5+ {[%clk 1:30:07]} 10. Kh1 {[%clk 1:22:10]} h5
{[%clk 1:24:46]} 11. f5 {[%clk 1:19:02]} Qh4 {[%clk 1:17:04]} 12. fxe6
{[%clk 0:57:01]} dxe6 {[%clk 1:17:03]} 13. Bf4 {[%clk 0:53:14]} Nf6
{[%clk 1:15:09]} 14. e5 {[%clk 0:49:46]} Ng4 {[%clk 1:08:34]} 15. Be4
{[%clk 0:49:41]} Bxe4 {[%clk 0:54:27]} 16. Nxe4 {[%clk 0:48:00]} Nxh2
{[%clk 0:54:05]} 17. Qe1 {[%clk 0:48:04]} Qxe1 {[%clk 0:39:53]} 1-0

[Event "marquesdepombal"]
[Site "?"]
[Date "2024.10.06"]
[Round "7.6"]
[White "Negrao, Alberto Rodolfo De Almeida"]
[Black "Moldovan, Lucas Gabriel"]
[Result "1/2-1/2"]
[LiveChessVersion "1.4.8"]
[BlackElo "1998"]
[WhiteElo "1894"]

1. e4 {[%clk 1:29:10]} c5 {[%clk 1:30:34]} 2. Nf3 {[%clk 1:29:23]} d6
{[%clk 1:30:51]} 3. d4 {[%clk 1:29:27]} cxd4 {[%clk 1:30:36]} 4. Nxd4
{[%clk 1:29:47]} Nf6 {[%clk 1:31:01]} 5. Nc3 {[%clk 1:30:10]} g6 {[%clk 1:31:24]}
6. Bc4 {[%clk 1:30:18]} Bg7 {[%clk 1:31:42]} 7. Bb3 {[%clk 1:30:37]} Nc6
{[%clk 1:31:59]} 8. Nxc6 {[%clk 1:26:26]} bxc6 {[%clk 1:31:22]} 9. f3 O-O
{[%clk 1:31:29]} 10. Be3 {[%clk 1:25:01]} c5 {[%clk 1:29:43]} 11. Qd2
{[%clk 1:23:57]} Rb8 {[%clk 1:26:29]} 12. Rb1 {[%clk 1:15:46]} Ba6
{[%clk 1:25:00]} 13. Bh6 {[%clk 1:08:42]} Qa5 {[%clk 1:22:32]} 14. Bxg7
{[%clk 1:03:31]} Kxg7 {[%clk 1:22:53]} 15. h4 {[%clk 1:02:00]} h5
{[%clk 1:23:01]} 16. Nd5 {[%clk 0:52:44]} Qxd2+ {[%clk 1:22:29]} 17. Kxd2
{[%clk 0:52:44]} c4 {[%clk 1:20:22]} 18. Nxf6 {[%clk 0:51:47]} Kxf6
{[%clk 1:19:40]} 19. Ba4 {[%clk 0:52:00]} Rfc8 {[%clk 1:18:27]} 20. c3
{[%clk 0:50:40]} Rc5 {[%clk 1:18:14]} 21. b4 {[%clk 0:39:04]} cxb3
{[%clk 1:18:14]} 22. axb3 {[%clk 0:38:57]} Bb5 {[%clk 1:16:24]} 23. b4
{[%clk 0:36:05]} Rc7 {[%clk 1:13:38]} 24. Bxb5 {[%clk 0:31:48]} Rxb5
{[%clk 1:13:31]} 25. Ra1 {[%clk 0:30:47]} Rb8 {[%clk 1:13:03]} 26. Ra3
{[%clk 0:30:36]} Rd8 {[%clk 1:11:15]} 27. Ke3 {[%clk 0:26:15]} Rdc8
{[%clk 1:09:04]} 28. Kd4 {[%clk 0:25:14]} Rc4+ {[%clk 1:09:21]} 29. Kd3
{[%clk 0:25:31]} R4c7 {[%clk 1:09:43]} 30. e5+ Kxe5 31. Ke4+ {[%clk 0:22:32]}
1/2-1/2

[Event "marquesdepombal"]
[Site "?"]
[Date "2024.10.06"]
[Round "7.7"]
[White "Frutuoso, Tiago Oliveira Martins"]
[Black "Assuncao, Francisco Daniel Costa"]
[Result "0-1"]
[LiveChessVersion "1.4.8"]
[BlackElo "1967"]
[WhiteElo "1846"]

1. e4 e5 2. Nf3 Nf6 3. Nxe5 d6 4. Nf3 Nxe4 5. Nc3 Nxc3 6. dxc3 Be7 7. Be3 Nd7 8.
Bd3 Nf6 9. Qd2 Bg4 10. O-O-O Qd7 11. h3 Bh5 12. g4 Bg6 13. Bxg6 hxg6 14. Rde1 c5
15. Bf4 O-O-O 16. Ng5 Bf8 17. Qd3 Qa4 18. Bg3 Qxa2 19. b3 Rd7 20. f4 d5 21. Qb5
d4 22. Qd3 Qa1+ 23. Kd2 dxc3+ 24. Ke2 Rxd3 25. Rxa1 Rxg3 26. Rxa7 Nxg4 27. Ra8+
Kc7 28. Rxf8 Rxf8 29. hxg4 Rg2+ 30. Kd3 Rxg4 31. Rf1 Rg3+ 32. Nf3 Rd8+ 33. Kxc3
Rd4 34. b4 Rxf4 35. Re1 Rgxf3+ 36. Kb2 Rxb4+ 37. Kc1 Rf2 38. c3 Rc4 39. Kd1 g5
40. Rg1 g4 0-1

[Event "marquesdepombal"]
[Site "?"]
[Date "2024.10.06"]
[Round "7.8"]
[White "Goncalves, Lucas Jordao"]
[Black "Tenreiro, Manuel Costa Dias Torres"]
[Result "1-0"]
[LiveChessVersion "1.4.8"]
[BlackElo "1685"]
[WhiteElo "1971"]

1. e4 e5 2. Nf3 Nc6 3. Bc4 Bc5 4. c3 Nf6 5. d3 d6 6. O-O h6 7. Nbd2 a6 8. Re1 Ba7
9. Nf1 O-O 10. Be3 Bxe3 11. Nxe3 Na5 12. Qc2 Nxc4 13. Nxc4 Be6 14. Ne3 c5 15.
Rad1 Rc8 16. Qb1 Qa5 17. Nc4 Bxc4 18. dxc4 Rfd8 19. Rd3 Rd7 20. Red1 Rc6 21. Nxe5
dxe5 22. Rxd7 Nxd7 23. Rxd7 Rc7 24. Rd8+ Kh7 25. h3 b5 26. cxb5 Qxb5 27. b3 Qc6
28. Qc2 c4 29. b4 Rd7 30. Rxd7 Qxd7 31. a4 Qc6 32. Qd1 Qxe4 33. b5 axb5 34. axb5
f6 35. b6 Qb7 36. Qb1+ Kg8 37. Qb4 Kf7 38. Qxc4+ Ke7 39. Qc5+ Kd7 40. c4 Qe4 41.
Qd5+ Qxd5 42. cxd5 g5 43. g4 Kd6 44. Kf1 Kxd5 1-0

[Event "marquesdepombal"]
[Site "?"]
[Date "2024.10.06"]
[Round "7.9"]
[White "Gori, Andrea"]
[Black "Adhya, Havir Dharmesh Pravinkant"]
[Result "1-0"]
[LiveChessVersion "1.4.8"]
[BlackElo "1736"]
[WhiteElo "1978"]

1. d4 {[%clk 1:18:31]} d5 {[%clk 1:30:54]} 2. Nf3 {[%clk 1:18:46]} Nf6
{[%clk 1:31:18]} 3. e3 {[%clk 1:19:00]} e6 {[%clk 1:31:42]} 4. Bd3
{[%clk 1:19:21]} c5 {[%clk 1:31:03]} 5. b3 {[%clk 1:18:49]} Nc6 {[%clk 1:31:04]}
6. Bb2 {[%clk 1:19:11]} Bd6 {[%clk 1:30:33]} 7. Ne5 {[%clk 1:18:11]} Qc7
{[%clk 1:21:27]} 8. f4 {[%clk 1:15:38]} Ne4 {[%clk 1:18:48]} 9. Bxe4
{[%clk 1:05:47]} dxe4 {[%clk 1:16:46]} 10. Nd2 {[%clk 1:06:07]} f5
{[%clk 1:12:19]} 11. Ndc4 {[%clk 1:06:22]} Nxe5 {[%clk 1:06:56]} 12. dxe5
{[%clk 0:54:53]} Be7 {[%clk 1:05:15]} 13. Qh5+ {[%clk 0:50:13]} g6
{[%clk 1:02:49]} 14. Qh6 {[%clk 0:50:32]} b5 {[%clk 1:02:13]} 15. Nd6+
{[%clk 0:49:13]} Kd7 {[%clk 0:57:10]} 16. Qg7 {[%clk 0:33:57]} Ba6
{[%clk 0:55:39]} 17. O-O-O {[%clk 0:28:37]} Kc6 {[%clk 0:54:29]} 18. Qf7
{[%clk 0:28:47]} Rhd8 {[%clk 0:50:05]} 19. Qxe6 {[%clk 0:27:11]} Bxd6
{[%clk 0:48:50]} 20. Qd5+ {[%clk 0:27:15]} Kb6 {[%clk 0:47:36]} 21. exd6
{[%clk 0:27:25]} Qc6 {[%clk 0:46:58]} 22. Qe6 {[%clk 0:26:49]} Rd7
{[%clk 0:45:13]} 23. h4 {[%clk 0:24:46]} b4 {[%clk 0:43:17]} 24. c4
{[%clk 0:22:05]} bxc3 {[%clk 0:43:17]} 25. Bxc3 {[%clk 0:22:25]} Bd3
{[%clk 0:41:03]} 26. Be5 {[%clk 0:21:28]} c4 {[%clk 0:39:51]} 27. Kb2
{[%clk 0:17:36]} Rad8 {[%clk 0:25:30]} 28. Rc1 {[%clk 0:17:30]} Kb5
{[%clk 0:17:38]} 29. h5 {[%clk 0:16:39]} Qc5 {[%clk 0:14:31]} 30. Rh3
{[%clk 0:10:06]} gxh5 {[%clk 0:14:24]} 31. Bd4 {[%clk 0:07:12]} Rxd6
{[%clk 0:08:45]} 32. Bxc5 {[%clk 0:06:00]} Rxe6 {[%clk 0:09:03]} 33. Bxa7
{[%clk 0:06:07]} cxb3 {[%clk 0:09:07]} 34. axb3 {[%clk 0:06:27]} Be2
{[%clk 0:09:16]} 35. Bd4 {[%clk 0:06:03]} Rg6 {[%clk 0:07:32]} 36. Rh2
{[%clk 0:06:22]} Rc6 {[%clk 0:05:37]} 37. Rxc6 {[%clk 0:06:17]} Kxc6
{[%clk 0:05:58]} 38. g3 {[%clk 0:06:44]} Bf3 {[%clk 0:05:35]} 39. Rc2+
{[%clk 0:06:45]} Kd5 {[%clk 0:03:56]} 40. Bf6 {[%clk 0:06:01]} Rg8
{[%clk 0:02:13]} 41. Bg5 {[%clk 0:06:21]} Rg7 {[%clk 0:01:49]} 42. b4
{[%clk 0:06:35]} Rb7 {[%clk 0:01:43]} 43. Rc5+ {[%clk 0:06:08]} Ke6
{[%clk 0:01:22]} 44. Re5+ {[%clk 0:05:13]} Kd6 {[%clk 0:01:26]} 45. Kc3
{[%clk 0:04:34]} Bg4 {[%clk 0:01:42]} 46. b5 {[%clk 0:04:45]} Bh3
{[%clk 0:01:04]} 47. Kb4 {[%clk 0:04:41]} Rd7 {[%clk 0:00:54]} 48. Rc5
{[%clk 0:04:13]} Rf7 {[%clk 0:00:55]} 49. Rc6+ {[%clk 0:03:48]} Kd5
{[%clk 0:00:42]} 50. Rc8 {[%clk 0:03:51]} Bf1 {[%clk 0:00:54]} 51. Rd8+
{[%clk 0:02:31]} Ke6 {[%clk 0:01:16]} 52. b6 {[%clk 0:01:33]} Ba6
{[%clk 0:01:31]} 53. Kc5 {[%clk 0:01:52]} Rd7 {[%clk 0:01:10]} 54. Re8+
{[%clk 0:01:24]} Kf7 {[%clk 0:01:33]} 55. Re5 {[%clk 0:01:42]} Kg6
{[%clk 0:01:00]} 56. Rd5 {[%clk 0:01:10]} Rxd5+ {[%clk 0:00:33]} 57. Kxd5
{[%clk 0:01:30]} Kf7 {[%clk 0:00:57]} 58. Kd6 {[%clk 0:01:53]} Bb7
{[%clk 0:00:42]} 59. Kc7 {[%clk 0:02:08]} Ba6 {[%clk 0:01:00]} 60. b7
{[%clk 0:02:28]} Bxb7 {[%clk 0:01:26]} 61. Kxb7 {[%clk 0:02:42]} Ke6
{[%clk 0:01:49]} 62. Kc6 {[%clk 0:03:04]} Kf7 {[%clk 0:02:00]} 63. Kd7
{[%clk 0:03:25]} Kg6 {[%clk 0:02:16]} 64. Ke6 {[%clk 0:03:43]} h4
{[%clk 0:02:38]} 65. Bxh4 {[%clk 0:03:59]} Kh5 {[%clk 0:02:58]} 66. Kxf5
{[%clk 0:03:39]} h6 {[%clk 0:03:20]} 67. Kxe4 {[%clk 0:04:01]} 1-0

[Event "marquesdepombal"]
[Site "?"]
[Date "2024.10.06"]
[Round "7.10"]
[White "Araujo, Ricardo Franca Paulo Duarte"]
[Black "Godinho Marques, Pedro"]
[Result "1/2-1/2"]
[LiveChessVersion "1.4.8"]
[BlackElo "1835"]
[WhiteElo "1963"]

1. e4 {[%clk 1:30:46]} e5 {[%clk 1:30:39]} 2. Nf3 {[%clk 1:31:05]} Nc6
{[%clk 1:30:48]} 3. Bc4 {[%clk 1:31:26]} Bc5 {[%clk 1:31:08]} 4. d3
{[%clk 1:31:48]} d6 {[%clk 1:29:26]} 5. c3 {[%clk 1:32:10]} Nf6 {[%clk 1:29:03]}
6. Nbd2 {[%clk 1:32:27]} a5 {[%clk 1:16:32]} 7. Bb3 {[%clk 1:31:18]} h6
{[%clk 1:12:38]} 8. O-O {[%clk 1:31:35]} Nh7 {[%clk 1:04:28]} 9. Re1
{[%clk 1:28:38]} Qf6 {[%clk 1:01:56]} 10. Nf1 {[%clk 1:15:51]} Ng5
{[%clk 1:00:12]} 11. Be3 {[%clk 1:15:53]} Bg4 {[%clk 0:59:08]} 12. N1d2
{[%clk 1:16:00]} Ne7 {[%clk 0:52:29]} 13. d4 {[%clk 1:08:25]} Ba7
{[%clk 0:48:22]} 14. Bc4 {[%clk 1:07:10]} Ng6 {[%clk 0:43:31]} 15. Be2
{[%clk 1:05:42]} Nf4 {[%clk 0:40:58]} 16. Bxf4 {[%clk 1:05:29]} Qxf4
{[%clk 0:40:27]} 17. Nxg5 {[%clk 1:01:59]} Bxe2 {[%clk 0:30:30]} 18. Qxe2
{[%clk 1:01:33]} hxg5 {[%clk 0:26:58]} 19. g3 {[%clk 1:01:32]} Qf6
{[%clk 0:26:30]} 20. Qb5+ {[%clk 1:01:34]} c6 {[%clk 0:26:20]} 21. Qxb7
{[%clk 1:01:16]} O-O {[%clk 0:26:36]} 22. Re3 {[%clk 0:57:43]} g4
{[%clk 0:23:23]} 23. Qxc6 {[%clk 0:56:51]} exd4 {[%clk 0:22:52]} 24. cxd4
{[%clk 0:56:42]} Bxd4 {[%clk 0:22:18]} 25. Re2 {[%clk 0:56:37]} Bxb2
{[%clk 0:21:46]} 26. Rd1 {[%clk 0:56:46]} Rac8 {[%clk 0:16:49]} 27. Qd7
{[%clk 0:56:19]} Qg6 {[%clk 0:10:37]} 28. Nf1 {[%clk 0:55:41]} Rfd8
{[%clk 0:10:48]} 29. Qf5 {[%clk 0:54:27]} Qxf5 {[%clk 0:09:03]} 30. exf5
{[%clk 0:54:54]} Ba3 {[%clk 0:04:18]} 31. Ne3 {[%clk 0:54:31]} Re8
{[%clk 0:04:09]} 32. Rd4 {[%clk 0:53:34]} Bc1 {[%clk 0:02:15]} 33. Rxg4
{[%clk 0:53:15]} Rc3 {[%clk 0:02:16]} 34. Rc2 {[%clk 0:52:35]} Rexe3
{[%clk 0:02:36]} 35. Rc4 {[%clk 0:52:11]} Rxc4 {[%clk 0:02:13]} 36. Rxc4
{[%clk 0:52:35]} Re1+ {[%clk 0:02:39]} 37. Kg2 {[%clk 0:53:03]} Ba3
{[%clk 0:03:02]} 38. Rc8+ {[%clk 0:53:14]} Kh7 {[%clk 0:03:26]} 39. Rc7
{[%clk 0:53:41]} f6 {[%clk 0:03:35]} 40. Ra7 {[%clk 0:53:50]} Bb4
{[%clk 0:02:57]} 41. a3 {[%clk 0:54:14]} Bxa3 {[%clk 0:02:09]} 42. Rxa5
{[%clk 0:54:39]} Bc5 {[%clk 0:02:28]} 43. Ra2 {[%clk 0:55:01]} Kh6
{[%clk 0:02:11]} 44. h4 {[%clk 0:55:23]} g6 {[%clk 0:02:28]} 45. fxg6
{[%clk 0:55:44]} Kxg6 {[%clk 0:02:53]} 46. Ra4 {[%clk 0:55:59]} Re2
{[%clk 0:02:51]} 47. Rf4 {[%clk 0:56:20]} d5 {[%clk 0:02:53]} 48. h5+
{[%clk 0:56:35]} Kg5 {[%clk 0:02:27]} 49. h6 {[%clk 0:56:09]} Re7
{[%clk 0:02:19]} 50. Kf3 {[%clk 0:55:40]} Rh7 {[%clk 0:01:42]} 51. g4
{[%clk 0:55:49]} Kxh6 {[%clk 0:01:39]} 52. Rxf6+ {[%clk 0:56:04]} Kg5
{[%clk 0:01:13]} 53. Rf5+ {[%clk 0:56:29]} Kg6 {[%clk 0:01:38]} 54. Rxd5
{[%clk 0:56:54]} Rf7+ {[%clk 0:01:51]} 55. Rf5 {[%clk 0:56:32]} Rxf5+
{[%clk 0:02:04]} 56. Ke4 1/2-1/2